01918nam a22003495i 450000100090000000300070000900500170001600800410003301000170007402000390009102000390013002000310016902000270020004000230022704200080025005000160025824501590027425000170043326300090045026400360045930000150049533600260051033700280053633800270056452007880059170000320137970000310141170000330144270000310147570000340150670000280154021304935YEEZEN20230928110743.0191122s2020 pau 000 0 eng  a 2019955465 a9780323760737q(v. 1 ;qhardcover) a9780323760744q(v. 2 ;qhardcover) a9780323509138q(hardcover) z9780323547154q(ebook) aDLCbengerdacDLC apcc aWE830b202100aRehabilitation of the hand and upper extremity /cTerri M. Skirven, A. Lee Osterman, Jane M. Fedorczyk, Peter C. Amadio, Sheri B. Feldscher, Eon Kyu Shin. a7th edition. a2003 1aPhiladelphia :bElsevier,c2021 avolumes cm atextbtxt2rdacontent aunmediatedbn2rdamedia avolumebnc2rdacarrier a"Long recognized as an essential reference for therapists and surgeons treating the hand and the upper extremity, Rehabilitation of the Hand and Upper Extremity helps you return your patients to optimal function of the hand, wrist, elbow, arm, and shoulder. Leading hand surgeons and hand therapists detail the pathophysiology, diagnosis, and management of virtually any disorder you're likely to see, with a focus on evidence-based and efficient patient care. Extensively referenced and abundantly illustrated, the 7th Edition of this reference is a "must read" for surgeons interested in the upper extremity, hand therapists from physical therapy or occupational therapy backgrounds, anyone preparing for the CHT examination, and all hand therapy clinics"--cProvided by publisher.1 aSkirven, Terri M.,eeditor.1 aOsterman, A. Lee,eeditor.1 aFedorczyk, Jane M.,eeditor.1 aAmadio, Peter C.,eeditor.1 aFeldscher, Sheri B.,eeditor.1 aShin, Eon Kyu,eeditor.